000 00553 a2200205 4500
005 20260121103850.0
008 260120b |||||||| |||| 00| 0 eng d
020 _a9781071821718
_c$ 83.00
040 _aMAIN
082 _a150.198
_bH675P
100 _aHoffman, Edward
245 _aPositive psychology: A workbook for personal growth and well-being
260 _bSage
_c2024
_aNew Delhi
300 _axvi, 133
650 _aPsychology
650 _aWell-Being
650 _aPositive Health
700 _aCompton, William C
942 _cBK
999 _c394807
_d394807